Diseño de un sistema de calentamiento de una tolva receptora de caliza en la planta de Holcim en Cartago
Պահպանված է:
| Հիմնական հեղինակ: | |
|---|---|
| Այլ հեղինակներ: | |
| Ձևաչափ: | Գիրք |
| Լեզու: | Spanish |
| Հրապարակվել է: |
[San José , Costa Rica]
2017
|
| Խորագրեր: | |
| Ցուցիչներ: |
Ավելացրեք ցուցիչ
Չկան պիտակներ, Եղեք առաջինը, ով նշում է այս գրառումը!
|
MARC
| LEADER | 00000nam a22000007a 4500 | ||
|---|---|---|---|
| 003 | 012611 | ||
| 005 | 20230922081046.0 | ||
| 008 | 170529b2017 cr a|||| |m|| 00| ||spa d | ||
| 040 | |c cru CEDI | ||
| 090 | |a TFG 7762 | ||
| 100 | |9 1613 |a Garro Madriz, Juan José, 1987- | ||
| 245 | |a Diseño de un sistema de calentamiento de una tolva receptora de caliza en la planta de Holcim en Cartago | ||
| 260 | |a [San José , Costa Rica] |c 2017 | ||
| 300 | |a xii,107 hojas ; ilustraciones a color | ||
| 500 | |a Proyecto de graduación (licenciatura en ingeniería mecánica)--Universidad de Costa Rica. Facultad de Ingeniería. Escuela de Ingeniería Mecánica | ||
| 501 | |a Director de Trabajo Final de Graduación: Ing. Rodolfo Soto Urbina, M.Sc. | ||
| 610 | 0 | |9 1614 |a HOLCIM COSTA RICA | |
| 650 | |x CALIZA |x TRANSFERENCIA DE ENERGIA |x MECANICA DE FLUIDOS |x HUMEDAD |x TERMODINAMICA |9 8604 | ||
| 700 | |9 199 |a Soto Urbina, Rodolfo, 1961- |d Director del TFG | ||
| 942 | |c CEDI | ||
| 999 | |c 18461 |d 18461 | ||
